|
|
|
|
| LEADER |
00939nam a2200253 a 4500 |
| 001 |
954292 |
| 008 |
110802r20001997ilua b 001 0 eng |
| 010 |
|
|
|a 84082025
|
| 020 |
|
|
|a 0256028249
|
| 040 |
|
|
|a DLC
|c DLC
|d DLC
|d BD-DhAAL
|
| 082 |
0 |
0 |
|a 004.2/1
|2 19
|
| 100 |
1 |
|
|a Awad, Elias M.
|
| 245 |
1 |
0 |
|a Systems analysis and design /
|c Elias M. Awad.
|
| 250 |
|
|
|a 2nd ed.
|
| 260 |
|
|
|a Homewood, Ill. :
|b R.D. Irwin ;
|a New Delhi :
|b Galgotia Publications,
|c 2000.
|
| 300 |
|
|
|a xiv, 524 p. :
|b ill. ;
|c 25 cm.
|
| 490 |
0 |
|
|a The Irwin series in information and decision sciences
|
| 504 |
|
|
|a Includes bibliographies and index.
|
| 541 |
|
|
|e 00007726
|
| 650 |
|
0 |
|a System design.
|
| 650 |
|
0 |
|a System analysis.
|
| 852 |
1 |
|
|a Ayesha Abed Library
|c General Shelf.
|
| 999 |
|
|
|c 11183
|d 11183
|
| 952 |
|
|
|0 0
|1 0
|2 ddc
|4 0
|6 004_210000000000000_AWA
|7 0
|9 17774
|a BRACUL
|b BRACUL
|c GEN
|d 2011-08-08
|l 5
|m 18
|o 004.21 AWA
|p 3010007726
|r 2019-01-13
|s 2019-01-06
|t 1
|w 2011-08-08
|y BK
|